000
00353nam a2200169Ia 4500
100
_a
Joshi/Gangadhar
650
_a
General
942
_c
BK
366
_f
25
654
_a
corporate
245
_a
Campus to corporate : Your roadmap to employability
260
_b
sage
_c
2015
082
_b
JOS
300
_a
220
546
_a
ENGLISH
999
_c
22887
_d
22887